Border cities and towns : causes of social exclusion in peripheral Europe
Saved in:
| Corporate Author: | |
|---|---|
| Other Authors: | |
| Format: | Book |
| Language: | English |
| Published: |
Lesvos :
REM, Department of Geography, European Commission,
2001
|
| Subjects: | |
| Tags: |
Add Tag
No Tags, Be the first to tag this record!
|
MARC
| LEADER | 00000cam a2200000 i 4500 | ||
|---|---|---|---|
| 001 | 1/24331 | ||
| 008 | 011128s2001 eng d | ||
| 035 | |l 10067847 | ||
| 040 | |a GR-MY-UA |b gre |e aacr | ||
| 041 | 0 | |a eng | |
| 082 | 0 | |a 307.76 | |
| 245 | 1 | 0 | |a Border cities and towns : |b causes of social exclusion in peripheral Europe / |c coordinated by Lila Leontidou |
| 260 | |a Lesvos : |b REM, Department of Geography, |b European Commission, |c 2001 | ||
| 300 | |a 127 p. |b tabl. | ||
| 500 | |a Authored by Lila Leontido, Alex Afouxenidis, Hastings Donnan, Vitor Matias-Ferreira, Antonio Garcia-Lizana, Xavier Peraldi, Alberto Gasparini, Moreno Zago and James Gow | ||
| 500 | |a TSER COntract SOE2-CT97-3048 | ||
| 500 | |a The final Scientific Research submitted to EC Research DG | ||
| 650 | 0 | 0 | |a Cities and towns. |
| 650 | 0 | 0 | |a Cities and towns |x Social aspects. |
| 700 | 1 | |a Λεοντίδου-Εμμανουήλ, Λίλα. |4 edt | |
| 710 | 2 | |a European Commission. | |
| 852 | |a INST |b LESVOS |e 20011128 |h 307.76 BOR |p 005100028555 |q 005100028555 |t BK |y 0 | ||
| 901 | |a BIBL1-2001-3 | ||
| 909 | |a Λ |b 099150 | ||
| 970 | |a ΜΟΥΣΤΑΚΑ |b ΠΗΝΕΛΟΠΗ |z 2001/11/28 | ||